00909nam a22002777a 450000500170000001000130001702000210003003500130005103700160006404000120008008200160009210000270010824500750013524600060021025000120021626000310022827000450025930000270030450000200033165000500035165000370040170000210043894200250045999900190048495201280050320170124105915.0 aA-505978 c00.00a058203096 aA-505978 bCen Lib/Ret aDPLbEN a327.03bPLA aPlano, Jack C.9106555 aInternational relations dictionary /cby Jack C. Plano [and] Roy Olton b  a4th ed. bABC-Clioc1998aCalifornia bCaliforniaaRiviera Campus, 2040 Alameda axxiii, 446p.c23cm(Hb) aIncludes index  aInternational relations vdictionary 9106556 aInternational relations 9106557 aOlton, Roy92334 2ddccENh327.03mPLA c122795d122795 001040718REFaLbLd2015-05-30eCen Lib/Retg0.00l0o327.03 PLApA-505978r2015-05-30 00:00:00t1v0.00w2015-05-30yEN